[Event "Nuremberg Zabo op 16th"]
[Site "Nuremberg"]
[Date "2014.09.20"]
[Round "2"]
[White "Phenn, Ullrich"]
[Black "Miller, Eduard"]
[Result "0-1"]
[WhiteElo "1908"]
[BlackElo "2225"]
[PlyCount "50"]
[EventDate "2014.09.19"]
[EventType "swiss"]
[EventRounds "5"]
[EventCountry "GER"]
[SourceTitle "EXT 2018"]
[Source "ChessBase"]
[SourceDate "2017.10.13"]
[SourceVersion "1"]
[SourceVersionDate "2017.10.13"]
[SourceQuality "1"]

1. d4 Nf6 2. c4 g6 3. Nc3 Bg7 4. e4 d6 5. f3 0-0 6. Be3 Nbd7 7. Nge2 c5 8. Qd2 a6 9. dxc5 Nxc5 10. Rd1 b6 11. e5 Ne8 12. b4 Nd7 13. exd6 Nxd6 14. Ng3 a5 15. b5 Bb7 16. Nd5 Rc8 17. Kf2 Bxd5 18. Qxd5 Nf6 19. Qd2 Qc7 20. Rc1 Rfd8 21. Bd3 Nd7 22. Ne4 Ne5 23. Qe2 Nf5 24. Rhd1 Nxe3 25. Qxe3 Ng4+ 0-1

[Event "Nuremberg Zabo op 14th"]
[Site "Nuremberg"]
[Date "2012.09.16"]
[Round "5"]
[White "Boehme, Andre"]
[Black "Phenn, Ullrich"]
[Result "1/2-1/2"]
[WhiteElo "1877"]
[BlackElo "1881"]
[PlyCount "45"]
[EventDate "2012.09.14"]
[EventType "swiss"]
[EventRounds "5"]
[EventCountry "GER"]
[SourceTitle "EXT 2018"]
[Source "ChessBase"]
[SourceDate "2017.10.13"]
[SourceVersion "1"]
[SourceVersionDate "2017.10.13"]
[SourceQuality "1"]

1. e4 e6 2. d4 d5 3. e5 c5 4. c3 Nc6 5. Nf3 Qb6 6. Bd3 Bd7 7. dxc5 Bxc5 8. Qe2 Qc7 9. 0-0 Nge7 10. Nbd2 Ng6 11. Nb3 Be7 12. Re1 0-0 13. Nbd4 a6 14. h4 Nxd4 15. cxd4 Bb4 16. Bd2 Qa5 17. Bxb4 Qxb4 18. Qe3 Bb5 19. Bxb5 Qxb5 20. h5 Ne7 21. g4 h6 22. Nh4 Kh7 23. b3 1/2-1/2

[Event "Arber op 1st"]
[Site "Bayerisch Eisenstein"]
[Date "2012.08.19"]
[Round "2"]
[White "Phenn, Ullrich"]
[Black "Stang, Wolfgang"]
[Result "0-1"]
[WhiteElo "1885"]
[BlackElo "1862"]
[PlyCount "122"]
[EventDate "2012.08.18"]
[EventType "swiss"]
[EventRounds "9"]
[EventCountry "GER"]
[SourceTitle "CBM 150 Extra"]
[Source "ChessBase"]
[SourceDate "2012.10.19"]
[SourceVersion "1"]
[SourceVersionDate "2012.10.19"]
[SourceQuality "1"]

1. d4 Nf6 2. c4 g6 3. Nc3 d5 4. cxd5 Nxd5 5. e4 Nxc3 6. bxc3 Bg7 7. Bc4 0-0 8. Be3 c5 9. Ne2 cxd4 10. cxd4 Nc6 11. 0-0 Bg4 12. f3 Na5 13. Bd3 Be6 14. Qa4 a6 15. Nf4 b5 16. Nxe6 fxe6 17. Qa3 Bxd4 18. Bxd4 Qxd4+ 19. Kh1 Nc6 20. Rac1 Ne5 21. Rfd1 Qe3 22. Rc3 Rad8 23. Qb3 Nxf3 24. Rf1 Ng5 25. h4 Rxf1+ 26. Bxf1 Qf2 27. hxg5 Qxf1+ 28. Kh2 Qf4+ 29. Kh3 Qxe4 30. Re3 Qf5+ 31. Kh2 Rd5 32. Qc3 Qf4+ 33. g3 Qf2+ 34. Kh3 Rxg5 35. Qc8+ Kg7 36. Qxe6 Qf1+ 37. Kh4 Rh5+ 38. Kg4 Qd1+ 39. Re2 Qd5 40. Qxe7+ Qf7 41. Re6 a5 42. a3 Rf5 43. Qd6 Rf6 44. Rxf6 Qxf6 45. Qd7+ Qf7 46. Qxb5 h5+ 47. Kh4 Qe7+ 48. Kh3 Qxa3 49. Qe5+ Kh7 50. Qc7+ Kg8 51. Qd8+ Kg7 52. Qd5 Kf6 53. Qc6+ Kg5 54. Qd5+ Kh6 55. Qd2+ g5 56. Qd8 g4+ 57. Kh4 Qc3 58. Qd6+ Kg7 59. Kxh5 Qf6 60. Qa3 Qf5+ 61. Kh4 Kg6 0-1

[Event "Nuremberg Zabo op 12th"]
[Site "Nuremberg"]
[Date "2010.09.17"]
[Round "1"]
[White "Phenn, Ullrich"]
[Black "Tong, Kevin"]
[Result "1-0"]
[WhiteElo "1874"]
[BlackElo "1261"]
[PlyCount "79"]
[EventDate "2010.09.17"]
[EventType "swiss"]
[EventRounds "5"]
[EventCountry "GER"]
[SourceTitle "EXT 2011"]
[Source "ChessBase"]
[SourceDate "2010.11.26"]
[SourceVersion "1"]
[SourceVersionDate "2010.11.26"]
[SourceQuality "1"]

1. d4 Nf6 2. c4 e6 3. Nc3 Bb4 4. Qc2 Bxc3+ 5. bxc3 b6 6. e4 Bb7 7. f3 d5 8. e5 Nfd7 9. Be3 0-0 10. cxd5 exd5 11. Bd3 h6 12. Ne2 Qe7 13. 0-0 c5 14. Qd2 Nc6 15. Rac1 Rac8 16. Ng3 Rfd8 17. Nf5 Qe6 18. Nd6 Rb8 19. f4 f6 20. f5 Qe7 21. Nxb7 Rxb7 22. e6 Nf8 23. Bf4 c4 24. Be2 b5 25. Bh5 Nh7 26. Bf7+ Kh8 27. Rf3 Qf8 28. Rh3 a5 29. g4 b4 30. g5 bxc3 31. Rcxc3 Rb1+ 32. Kg2 fxg5 33. Bxg5 Nxg5 34. Qxg5 Rdb8 35. Qd2 Nb4 36. f6 Nd3 37. Qe3 R8b2+ 38. Kg3 Qd6+ 39. Kh4 g5+ 40. Kg4 1-0

[Event "Nuremberg Zabo op 10th"]
[Site "Nuremberg"]
[Date "2008.09.20"]
[Round "2"]
[White "Reis, Gerhard"]
[Black "Phenn, Ullrich"]
[Result "1-0"]
[WhiteElo "2149"]
[BlackElo "1908"]
[PlyCount "49"]
[EventDate "2008.09.19"]
[EventType "swiss"]
[EventRounds "5"]
[EventCountry "GER"]
[SourceTitle "EXT 2012"]
[Source "ChessBase"]
[SourceDate "2011.11.24"]
[SourceVersion "1"]
[SourceVersionDate "2011.11.24"]
[SourceQuality "1"]

1. Nf3 d5 2. d4 c6 3. c4 e6 4. Nc3 dxc4 5. e3 b5 6. a4 Bb4 7. Bd2 a5 8. axb5 Bxc3 9. Bxc3 cxb5 10. b3 Bb7 11. d5 Nf6 12. bxc4 b4 13. Qa4+ Nbd7 14. Bxf6 Qxf6 15. Nd4 e5 16. Nb3 Ke7 17. Be2 Rhc8 18. Bg4 Nb6 19. Qb5 Rxc4 20. Be2 Ba6 21. Qxa5 Rc2 22. Qxb4+ Kd8 23. Rxa6 Rxe2+ 24. Kxe2 Rxa6 25. Qf8+ 1-0

[Event "Passau op 8th"]
[Site "Passau"]
[Date "2000.04.23"]
[Round "5"]
[White "Phenn, Ullrich"]
[Black "Heil, Walter"]
[Result "1/2-1/2"]
[WhiteElo "1895"]
[BlackElo "2080"]
[PlyCount "62"]
[EventDate "2000.04.21"]
[EventType "swiss"]
[EventRounds "7"]
[EventCountry "GER"]
[SourceTitle "CBM 076 Extra"]
[Source "ChessBase"]
[SourceDate "2000.07.11"]
[SourceVersion "1"]
[SourceVersionDate "2000.07.11"]
[SourceQuality "1"]

1. d4 f5 2. c4 Nf6 3. Nf3 g6 4. g3 Bg7 5. Bg2 d6 6. 0-0 0-0 7. Nc3 Qe8 8. Bf4 Nh5 9. Nd5 Nxf4 10. gxf4 Qd8 11. Qb3 e6 12. Nb4 Nd7 13. Ng5 Nf6 14. c5 d5 15. Nd3 Ne4 16. Bxe4 fxe4 17. Ne5 Rxf4 18. Qg3 Rf5 19. h4 Qe7 20. f4 Bxe5 21. fxe5 Bd7 22. Rxf5 exf5 23. Rf1 Be6 24. h5 h6 25. Nxe6 Qxe6 26. hxg6 Kg7 27. Kf2 f4 28. Qh4 Kxg6 29. Rg1+ Kh7 30. Qxf4 Rg8 31. Rxg8 Kxg8 1/2-1/2

[Event "Passau op 8th"]
[Site "Passau"]
[Date "2000.04.22"]
[Round "4"]
[White "Holzhaus, Jens"]
[Black "Phenn, Ullrich"]
[Result "0-1"]
[WhiteElo "1663"]
[BlackElo "1895"]
[PlyCount "128"]
[EventDate "2000.04.21"]
[EventType "swiss"]
[EventRounds "7"]
[EventCountry "GER"]
[SourceTitle "CBM 076 Extra"]
[Source "ChessBase"]
[SourceDate "2000.07.11"]
[SourceVersion "1"]
[SourceVersionDate "2000.07.11"]
[SourceQuality "1"]

1. e4 g6 2. d4 Bg7 3. Nc3 d6 4. Nf3 Bg4 5. Be2 c6 6. 0-0 Qb6 7. Be3 Bxf3 8. Bxf3 Qxb2 9. Qd2 Qb6 10. Rab1 Qc7 11. Rfe1 Nd7 12. Ne2 Ngf6 13. c4 0-0 14. Bh6 Bxh6 15. Qxh6 Qa5 16. h4 Rab8 17. h5 Qxa2 18. g3 Qxc4 19. Kg2 e5 20. Rh1 Qe6 21. Rh4 gxh5 22. Bxh5 Nxh5 23. Qxh5 Nf6 24. Qh6 Rfc8 25. Rbh1 Nd7 26. Qxh7+ Kf8 27. Rh6 Nf6 28. Qf5 Qxf5 29. exf5 Ke7 30. dxe5 dxe5 31. f4 e4 32. Re1 Rh8 33. Rh4 Rxh4 34. gxh4 Nd5 35. Ng3 e3 36. h5 Nxf4+ 37. Kf3 Nd5 38. h6 Rh8 39. Rh1 Kf6 40. h7 Ke5 41. Ne4 Nf6 42. Ng5 Kxf5 43. Nxf7 Rxh7 44. Nd6+ Ke5 45. Rxh7 Nxh7 46. Nxb7 Kd4 47. Ke2 Nf6 48. Na5 Kc5 49. Kxe3 Kb5 50. Nb3 c5 51. Kd2 Kb4 52. Kc2 Ne4 53. Nc1 c4 54. Na2+ Kc5 55. Nc1 a5 56. Na2 Kd4 57. Nc1 Nc5 58. Ne2+ Ke3 59. Nc3 a4 60. Nb5 Ne4 61. Na3 Kd4 62. Nb1 Kc5 63. Kb2 Kb4 64. Ka2 Nc3+ 0-1